| 000 | 00722nmm a2200265 a 4500 | ||
|---|---|---|---|
| 003 | AR-BaBNM | ||
| 005 | 20251128211059.0 | ||
| 008 | 242020s2000 ||||||||||||||000 | spa|| | ||
| 020 | _a950-537-517-4 | ||
| 040 | _cAR-BaBNM | ||
| 100 | 1 | _aBallvé, Alberto M. | |
| 245 | 1 | 0 |
_aTablero de control _borganizando información para crear valor |
| 250 | _a1ª ed. | ||
| 260 |
_aBuenos Aires _bEdiciones Macchi _c2000 |
||
| 300 | 0 | _a354 p. | |
| 504 | _aIncluye bibliografía al final del volumen | ||
| 650 | 4 | _aLIDERAZGO | |
| 650 | 4 | _aDIRECTIVOS | |
| 650 | 4 | _aCOMPORTAMIENTO | |
| 650 | 4 | _aRACIONALIDAD | |
| 650 | 4 | _aCONTROL ADMINISTRATIVO | |
| 650 | 4 | _aADMINISTRACION DE EMPRESAS | |
| 942 | _cBK | ||
| 998 | _claura | ||
| 999 |
_c18140 _d18140 |
||